<?xml version="1.0" encoding="UTF-8"?>
<marc:record xmlns:marc="http://www.loc.gov/MARC21/slim">
   <marc:leader>00000nam a2200000 a 4500</marc:leader>
   <marc:datafield ind1="1" ind2=" " tag="100">
      <marc:subfield code="a">Siegmann, Jaqueline Blanche Louise</marc:subfield>
      <marc:subfield code="4">aut</marc:subfield>
      <marc:subfield code="e">Verfasser/-in</marc:subfield>
   </marc:datafield>
   <marc:datafield ind1=" " ind2=" " tag="653">
      <marc:subfield code="a">Weihnachten / Dekoration / Anleitung</marc:subfield>
   </marc:datafield>
   <marc:datafield ind1="0" ind2="0" tag="245">
      <marc:subfield code="a">LaBlanche Christmas</marc:subfield>
   </marc:datafield>
   <marc:datafield ind1="0" ind2="0" tag="245">
      <marc:subfield code="c">Siegmann, Jaqueline Blanche Louise</marc:subfield>
   </marc:datafield>
   <marc:datafield ind1=" " ind2="1" tag="264">
      <marc:subfield code="a">Stuttgart</marc:subfield>
      <marc:subfield code="b">BusseSeewald</marc:subfield>
      <marc:subfield code="c">2017</marc:subfield>
   </marc:datafield>
   <marc:datafield ind1=" " ind2=" " tag="250">
      <marc:subfield code="a">1. Aufl.</marc:subfield>
   </marc:datafield>
   <marc:datafield ind1="1" ind2=" " tag="520">
      <marc:subfield code="a">Angaben aus der Verlagsmeldung &lt;br/&gt;&lt;br/&gt; &lt;br/&gt;&lt;br/&gt;  LaBlanche Christmas / von Jaqueline Blanche Louise Siegmann &lt;br/&gt;&lt;br/&gt; &lt;br/&gt;Stilvolle Weihnachten mit LaBlanche! Die Marke LaBlanche der Designerin und Wohnexpertin Blanche Siegmann steht für hochwertige Bastelmaterialien, Stempel, Decoupagepapiere und Wandtattoos, die sie jeden Monat beim Shopping-Sender HSE24 präsentiert. Der unnachahmliche Stil von LaBlanche und die Liebe zum Detail machen jede Show zum Erlebnis. In ihrem ersten Weihnachtsbuch, LaBlanche Christmas, verrät die Autorin neben spannenden Geschichten und Hintergrundinformationen auch zahlreiche Inspirationen und Dekoideen zu Weihnachten im antik-viktorianischen Stil. Erfahren Sie in reich bebilderten Anleitungen Schritt für Schritt, wie Sie Wand- und Fensterschmuck, Tischdeko und originelle Geschenkideen einfach nachmachen können.</marc:subfield>
   </marc:datafield>
   <marc:datafield ind1=" " ind2=" " tag="020">
      <marc:subfield code="a">9783772474644</marc:subfield>
      <marc:subfield code="9">9783772474644</marc:subfield>
   </marc:datafield>
   <marc:datafield ind1=" " ind2=" " tag="020">
      <marc:subfield code="a">3772474640</marc:subfield>
      <marc:subfield code="9">3772474640</marc:subfield>
   </marc:datafield>
   <marc:datafield ind1=" " ind2=" " tag="041">
      <marc:subfield code="a">ger</marc:subfield>
   </marc:datafield>
   <marc:datafield ind1=" " ind2=" " tag="300">
      <marc:subfield code="b">zahlr. Ill.</marc:subfield>
   </marc:datafield>
   <marc:datafield ind1=" " ind2=" " tag="338">
      <marc:subfield code="a">Band</marc:subfield>
   </marc:datafield>
   <marc:datafield ind1=" " ind2=" " tag="300">
      <marc:subfield code="a">160 S.</marc:subfield>
   </marc:datafield>
</marc:record>
